01008nac a22002531u 4500010001400000020002200014028001400036082001900050090001500069100003500084245012800119260003600247300001800283490003300301500002100334650005300355650004600408650004000454650004700494650004700541942002100588999001500609952013000624 a013375220 a0415385660 (hbk.) bwww.bl.uk a261.270bL5346 c2787d2787 aLeirvik, Oddbjørn.  aHuman conscience and Muslim-Christian relations :bmodern Egyptian thinkers on al-&b299;r /b7693;am&cOddbjørn Leirvik. aLondon :bRoutledge,2006c2006. aviii,c310 p. a( Routledge Islamic studies) aFormerly CIP. Uk aConscience -- Religious aspects -- Christianity. aConscience -- Religious aspects -- Islam. aIslam -- Relations -- Christianity. aChristianity and other religions -- Islam. aChristianity and other religions -- Egypt. cBBk261.270L5346 c2787d2787 00104070aMAINbMAINcLOWd2007-04-10ePurchasel1o261.270 LEIp000001301q2009-05-05r2008-09-23 00:00:00s2008-09-23yBB